| 000 | 00742cam a2200217 4500 | ||
|---|---|---|---|
| 001 | ABS65227 | ||
| 008 | 020328n2002 000 0 eng u | ||
| 035 | _a(Sirsi) u117280 | ||
| 100 | _aBeale, P. | ||
| 245 | _aDon't get your cables in a twist | ||
| 260 | _c2002 | ||
| 490 |
_aEstates Gazette _v(0210) 9 March 2002, 140-141(2) |
||
| 520 | _aOutlines some guidelines to ensure that with effective planning and organisation, moving telecoms and computer networks as part of an office relocation need not be too traumatic. | ||
| 590 | _aABS | ||
| 650 | _aOFFICE RELOCATION | ||
| 650 | _aTELECOMS NETWORKS | ||
| 650 | _aCOMPUTER NETWORKS | ||
| 650 | _aRELOCATION MANAGEMENT | ||
| 690 | _aMANAGEMENT-BUSINESS MANAGEMENT | ||
| 942 | _n0 | ||
| 999 |
_c69868 _d69868 |
||